000 00350nam a2200145Ia 4500
008 230711s9999||||xx |||||||||||||| ||und||
041 _aENG
082 _a4
_bST-W
100 _aStultz,RA
245 0 _aWord star professional
250 _a1st
260 _c1990
_aBombay
_bJaico Books Publishing House
650 _aComputer Engineering
942 _cBK
999 _c1002
_d1002